Guardians of the Galaxy Villains by Picture - Statistics

General Stats
  • This quiz has been taken 94 times
  • The average score is 16 of 24
Answer Stats
Picture Answer % Correct
Thanos
100%
Ego the Living Planet
90%
Nebula
90%
Galactus
86%
Ronan the Accuser
86%
Collector
81%
Ebony Maw
81%
Proxima Midnight
80%
Taserface
80%
Corvus Glaive
78%
Black Dwarf
77%
High-Evolutionary
74%
Annihilus
67%
Grandmaster
67%
Ayesha
65%
Korath the Pursuer
57%
Korvac
54%
Supreme-Intelligence
54%
Supergiant
52%
Blastaar
41%
the Brood
41%
Magus
36%
J'son
30%
Phalanx
29%
No matching quizzes found
Score Distribution
Percent of People with Each Score
Percentile by Number Answered
Your Score History
You have not taken this quiz